1778 1096 1400 1650 1315 1459 1547 1067 1839 1073 1351 1670 1872 1133 1239 1584 1305 1994 1687 1870 1963 1588 1026 1208 1620 1019 1149 1255 1378 1729 1731 1634 1994 1742 1271 1683 1940 1742 1926 1831 1232 1516 1540 1403 1159 1536 1445 1927 1797 1118 1279 1301 1072 1184 1994 1543 1866 1608 1831 1324 1143 1881 1030 1027 1475 1895 1949 1973 1238 1018 1172 1458 1621 1444 1077 1443 1629 1811 1130 1486 1986 1359 1576 1954 1488 1046 1534 1700 1570 1608 1912 1869 1374 1199 1518 1110 1065 1436 1801 BCNSPRNW ULIB Ver.6.0+V

เปลี่ยนเป็นภาษาไทย

Change to English
 แสดงรายละเอียดบรรณานุกรม
  กลับหน้าหลัก

Brief Record : Get Marc (ISO 2709) : E-mail record : QR code < ปิดหน้าต่าง
LEADER : 00000nam 2200000uu 4500
001    13399113656
003     ULIB
008    111213s2546||||th 000 0 tha d
020    ^a9749656024
090    ^aนว.^bร930ฮ ล.5 2546
100 0  ^aโรว์ลิ่ง, เจ.เค.
245 00 ^aแฮร์รี่ พอตเตอร์ กับห้องแห่งความลับ เล่ม 2/^cโรว์ลิ่ง, เจ.เค.
250    ^aพิมพ์ครั้งที่ 1
260    ^aกรุงเทพฯ :^bนานมีบุ๊คส์,^c2546
300    ^a1048 หน้า
710 1  ^aนานมีบุ๊คส์
945    ^p495^l0^i14050
995    ^aกัณชพร
999 ^a ใช้งานได้ทุกระบบ
รายการนี้ยังไม่มีแท็ก
คุณยังไม่ได้ล็อกอิน คุณสามารถมีกิจกรรมร่วมกับเว็บไซต์ได้ แต่ต้องล็อกอินก่อน ::
  ล็อกอิน

รายการสื่อสารสนเทศ

ลำดับที่ ประเภท เลขเรียก/บาร์โค้ด สถานที่ สถานะ
- ไม่พบข้อมูล -

รายการใกล้เคียง
    ผู้แต่ง [โรว์ลิ่ง, เจ.เค.]

BibComment


ยังไม่เคยถูกคอมเมนท์

คอมเมนท์ทรัพยากรรายการนี้
  คอมเมนท์: แฮร์รี่ พอตเตอร์..


 Copyright 2026. Bcnsprnw @Library